All the divine names and titles in the Bible : (Record no. 10356)

MARC details
000 -LEADER
fixed length control field 01745cam a2200385 i 4500
001 - CONTROL NUMBER
control field 1845361
003 - CONTROL NUMBER IDENTIFIER
control field OCoLC
005 - DATE AND TIME OF LATEST TRANSACTION
control field 20210222172357.0
008 - FIXED-LENGTH DATA ELEMENTS--GENERAL INFORMATION
fixed length control field 760106t19751975miu b 001 0 eng
010 ## - LIBRARY OF CONGRESS CONTROL NUMBER
LC control number 74025338
020 ## - INTERNATIONAL STANDARD BOOK NUMBER
International Standard Book Number 0310280400
020 ## - INTERNATIONAL STANDARD BOOK NUMBER
International Standard Book Number 9780310280408
035 ## - SYSTEM CONTROL NUMBER
System control number (OCoLC)1845361
040 ## - CATALOGING SOURCE
Original cataloging agency DLC
Language of cataloging eng
Description conventions rda
Transcribing agency DLC
Modifying agency BAKER
-- LMR
-- BTCTA
-- AU@
-- OCLCO
-- P4I
-- OCLCQ
-- MQP
-- PB4
-- OCLCO
-- OCLCF
-- XZ9
-- SJG
-- OCLCQ
-- OCLCO
-- URS
-- PTS
-- OCLCO
-- CIRBC
050 00 - LIBRARY OF CONGRESS CALL NUMBER
Classification number BS544
Item number L818A
082 00 - DEWEY DECIMAL CLASSIFICATION NUMBER
Classification number 231
Item number L818A
092 0# - LOCALLY ASSIGNED DEWEY CALL NUMBER (OCLC)
Classification number 231.044
Item number L818A
100 1# - MAIN ENTRY--PERSONAL NAME
Personal name Lockyer, Herbert,
Relator term author.
245 10 - TITLE STATEMENT
Title All the divine names and titles in the Bible :
Remainder of title a unique classification of all scriptural designations of the three persons of the Trinity /
Statement of responsibility, etc. by Herbert Lockyer.
264 #1 - PRODUCTION, PUBLICATION, DISTRIBUTION, MANUFACTURE, AND COPYRIGHT NOTICE
Place of production, publication, distribution, manufacture Grand Rapids :
Name of producer, publisher, distributor, manufacturer Zondervan Pub. House,
Date of production, publication, distribution, manufacture, or copyright notice 1975.
264 #4 - PRODUCTION, PUBLICATION, DISTRIBUTION, MANUFACTURE, AND COPYRIGHT NOTICE
Date of production, publication, distribution, manufacture, or copyright notice ©1975
300 ## - PHYSICAL DESCRIPTION
Extent 360 pages ;
Dimensions 25 cm
336 ## - CONTENT TYPE
Content type term text
Content type code txt
Source rdacontent
337 ## - MEDIA TYPE
Media type term unmediated
Media type code n
Source rdamedia
338 ## - CARRIER TYPE
Carrier type term volume
Carrier type code nc
Source rdacarrier
490 1# - SERIES STATEMENT
Series statement "All" series
504 ## - BIBLIOGRAPHY, ETC. NOTE
Bibliography, etc. note Includes bibliographical references (pages 343-344) and indexes.
505 0# - FORMATTED CONTENTS NOTE
Formatted contents note One. The names and titles of God the father -- Two. The names and titles of God the son -- Three. The names and titles of God the spirit -- Actual names and titles -- Symbolic designations -- Appendices. The nobility of a name -- Qualifying attributes of Christ -- The value of book summary.
520 ## - SUMMARY, ETC.
Summary, etc. Chronicles God's revelation of himself by commenting on various appellations referring to him throughout the Bible.
600 00 - SUBJECT ADDED ENTRY--PERSONAL NAME
Personal name Jesus Christ
General subdivision Person and offices
-- Biblical teaching.
650 #0 - SUBJECT ADDED ENTRY--TOPICAL TERM
Topical term or geographic name entry element God
General subdivision Biblical teaching.
650 #0 - SUBJECT ADDED ENTRY--TOPICAL TERM
Topical term or geographic name entry element Holy Spirit
General subdivision Biblical teaching.
830 #0 - SERIES ADDED ENTRY--UNIFORM TITLE
Uniform title ALL (Series)
942 ## - ADDED ENTRY ELEMENTS (KOHA)
Source of classification or shelving scheme Dewey Decimal Classification
Koha item type Books
Holdings
Withdrawn status Lost status Source of classification or shelving scheme Damaged status Not for loan Collection code Home library Current library Shelving location Date acquired Total Checkouts Full call number Barcode Date last seen Price effective from Koha item type
    Dewey Decimal Classification   Not For Loan Reference Harvest Mission College Harvest Mission College Reference 23.02.2021   REF 231 L818A 011963 23.02.2021 23.02.2021 Reference

OPAC Designed and Maintained by HMC Library Team.
Copyright © HMC Library,Greater Noida, UP.
For any Suggestions/Query Contact library via Email:libhmc@gmail.com